00481nam a2200145 i 4500001000300000100002200003245009700025260001900122700001900141700002000160040000800180041000800188008004100196856009800237bg1 aNISNOVSKIJ, A. I. 0aSilnovye ionnye i poluprovodnikovye pribory /cA.I. Nisnovskij, V.S. Rudenko, A.P. Platonov. aMoskva,c1975.1 aRUDENKO, V. S.1 aPLATONOV, A. P. cBPK apol s pl f |000 0 pol  uhttp://koha.tu.koszalin.pl/cgi-bin/koha/opac-detail.pl?biblionumber=16990yKatalog online BPK